000 00517pab a2200169 454500
008 180718b2000 xxu||||| |||| 00| 0 eng d
100 _aLevy, Richard
245 _aFubai: differing Chinese views of corruption since Tiananmen: does a road paved with corruption lead to socialism?
260 _c2000
300 _ap.1863-898
362 _aNov
650 _aSocialism - China
650 _aCorruption - China
650 _aCorruption
773 _aInternational Journal of Public Administration
909 _a45761
999 _c45761
_d45761